Principles of selection for designating buildings (Record no. 106612)

MARC details
000 -LEADER
fixed length control field 01873cam a2200241 4500
001 - CONTROL NUMBER
control field L137036
008 - FIXED-LENGTH DATA ELEMENTS--GENERAL INFORMATION
fixed length control field 070312s2007 xxk f 000 0 eng d
035 ## - SYSTEM CONTROL NUMBER
System control number (Sirsi) u137036
041 0# - LANGUAGE CODE
Language code of text/sound track or separate title eng
050 04 - LIBRARY OF CONGRESS CALL NUMBER
Classification number 690.241 $2 18
110 2# - MAIN ENTRY--CORPORATE NAME
Corporate name or jurisdiction name as entry element English Heritage
9 (RLIN) 2714
245 00 - TITLE STATEMENT
Title Principles of selection for designating buildings
Remainder of title selection guides
Medium [electronic resource]
260 ## - PUBLICATION, DISTRIBUTION, ETC.
Place of publication, distribution, etc. [S.l.]
Name of publisher, distributor, etc. English Heritage
Date of publication, distribution, etc. 2007
505 2# - FORMATTED CONTENTS NOTE
Formatted contents note Agricultural buildings -- Commemorative structures -- Commercial buildings -- Culture and entertainment -- Domestic: introduction -- Domestic (1): vernacular houses -- Domestic (2): town houses -- Domestic (3): suburban and country houses -- Domestic (4): the modern house and housing -- Education -- Garden and park -- Health and welfare -- Industrial -- Law and government -- Maritime and naval -- Military buildings -- Places of worship -- Sport and recreation -- Street furniture -- Transport buildings -- Utilities and communications
520 ## - SUMMARY, ETC.
Summary, etc. As part of government's review of heritage protection (L137028) and its commitment to improve understanding of the historic environment, English Heritage has produced a series of selection guides which explain how buildings are assessed for designation. The guides, which cover a number of building types, contain technical information illustrating what features are considered significant and likely to make a building of special architectural or historic interest.
590 ## - LOCAL NOTE (RLIN)
Local note KA NTK
650 24 - SUBJECT ADDED ENTRY--TOPICAL TERM
Topical term or geographic name entry element ENGLISH HERITAGE SELECTION GUIDES
650 24 - SUBJECT ADDED ENTRY--TOPICAL TERM
Topical term or geographic name entry element HERITAGE PROTECTION WHITE PAPER 2007
651 #4 - SUBJECT ADDED ENTRY--GEOGRAPHIC NAME
Geographic name England
Chronological subdivision 886-
690 ## - LOCAL SUBJECT ADDED ENTRY--TOPICAL TERM (OCLC, RLIN)
Topical term or geographic name as entry element BUILT ENVIRONMENT-BUILDING TYPES-HISTORIC BUILDINGS AND ANCIENT MONUMENTS-LISTED BUILDINGS
856 40 - ELECTRONIC LOCATION AND ACCESS
Uniform Resource Identifier <a href="https://www.english-heritage.org.uk/server/show/nav.8833">https://www.english-heritage.org.uk/server/show/nav.8833</a>
Public note View the selection guides free of charge at www.english-heritage.org.uk...
942 ## - ADDED ENTRY ELEMENTS (KOHA)
Suppress in OPAC 0
Holdings
Withdrawn status Lost status Source of classification or shelving scheme Damaged status Not for loan Home library Current library Shelving location Date acquired Total Checkouts Full call number Barcode Date last seen Copy number Price effective from Koha item type
    Dewey Decimal Classification     Virtual Virtual Online 12/03/2007   ONLINE PUBLICATION 137036-2001 06/08/2019 1 06/08/2019 Book